Mit adtunk a világnak?

Elmentve itt :
Bibliográfiai részletek
Szerző: Vicsay Lajos
Dokumentumtípus: Cikk
Megjelent: 1936
Sorozat:Gyakorlati pedagógia 2 No. 1
Kulcsszavak:Népművelés - Magyarország, Művelődéstörténet - Magyarország
Tárgyszavak:
Online Access:http://acta.bibl.u-szeged.hu/51160
LEADER 00680nab a2200193 i 4500
001 acta51160
005 20250429135532.0
008 180419s1936 hu o 000 hun d
040 |a SZTE Egyetemi Kiadványok Repozitórium  |b hun 
041 |a hun 
100 1 |a Vicsay Lajos 
245 1 4 |a Mit adtunk a világnak?  |h [elektronikus dokumentum] /  |c  Vicsay Lajos 
260 |c 1936 
300 |a 58-63 
490 0 |a Gyakorlati pedagógia  |v 2 No. 1 
650 4 |a Társadalomtudományok 
650 4 |a Oktatástudomány 
695 |a Népművelés - Magyarország, Művelődéstörténet - Magyarország 
856 4 0 |u http://acta.bibl.u-szeged.hu/51160/1/gyakorlati_1936_001_058-063.pdf  |z Dokumentum-elérés